000 00470nam a2200169Ia 4500
999 _c2101
_d2101
003 OSt
005 20200814100541.0
008 190216s9999||||xx |||||||||||||| ||und||
040 _coclc
082 _a547.1223
_bPOT/S
100 _aPotapov, V M
_94115
245 0 _aStereochemistry /
_cV M Potapov
260 _bMir Publications,
_aMoscow:
_c1979.
300 _a678p
650 _aChemistry
942 _cBK
_2ddc
_h547.1223
_iPOT/S
_k547.1223
_mPOT/S